Výpočet likvidity aktiva obchodovaného v periodické aukci BCPP. 2

Pokračovanie článku z č. 12/95. Kvantifikácia likvidity portfólia zloženého z cenných papierov obchodovaných na centrálnom trhu BCPP. Operácie "sell short" (predaj nakrátko). Problematika diferencovateľnosti funkcií likvidity portfólia.

Salvato in:
Dettagli Bibliografici
Autore principale: Brada, J.
Natura: Capitolo di libro
Lingua:ceco
Soggetti:
Tags: Aggiungi Tag
Nessun Tag, puoi essere il primo ad aggiungerne!!

MARC

LEADER 00000naa a2200000 4500
001 r021482
005 20230922091255.8
041 0 |a cze 
044 |a CZ 
245 1 0 |a Výpočet likvidity aktiva obchodovaného v periodické aukci BCPP. 2  |c J. Brada 
520 |a Pokračovanie článku z č. 12/95. Kvantifikácia likvidity portfólia zloženého z cenných papierov obchodovaných na centrálnom trhu BCPP. Operácie "sell short" (predaj nakrátko). Problematika diferencovateľnosti funkcií likvidity portfólia. 
610 2 0 |a aktíva 
610 2 0 |a likvidita 
610 2 0 |a aukcie 
610 2 0 |a BCP Praha 
610 2 0 |a papiere cenné 
610 2 0 |a výnosy 
610 2 0 |a riziko 
610 2 0 |a obchody burzové 
610 2 0 |a portfólio 
610 2 0 |a Česko 
100 1 |a Brada, J.